|
|
|
|
| LEADER |
00000nam0a2200000 4500 |
| 001 |
328272 |
| 005 |
20231102004038.0 |
| 035 |
|
|
|a (RuTPU)RU\TPU\book\353972
|
| 090 |
|
|
|a 328272
|
| 100 |
|
|
|a 20170214d1973 km y0rusy50 ca
|
| 101 |
0 |
|
|a rus
|
| 102 |
|
|
|a RU
|
| 105 |
|
|
|a a j 001zy
|
| 200 |
1 |
|
|a Основы системного подхода и проблемы создания территориальной автоматизированной системы управления (в помощь изучающим "Основы научного управления социалистическим производством")
|f Томская область, Областной комитет КПСС
|
| 210 |
|
|
|a Томск
|c [Б. и.]
|d 1973
|
| 215 |
|
|
|a 55 с.
|c ил.
|
| 316 |
|
|
|5 63413507: КР-2282
|a На титульном листе дарственная надпись: "Ивану Петровичу Чучалину. С уважением и пожеланиями успехов в совместной работе. 30.10.73. Перегудов"
|
| 317 |
|
|
|5 63413507: КР-2282
|a Поступила в НТБ в 2017 г. в составе книжного собрания ректора ТПИ И. П. Чучалина
|
| 320 |
|
|
|a Библиогр.: с. 53-54
|
| 606 |
1 |
|
|a Автоматизированные системы планирования и управления
|x территориальные
|2 stltpush
|3 (RuTPU)RU\TPU\subj\685
|9 29513
|
| 610 |
1 |
|
|a системный подход
|
| 610 |
1 |
|
|a системы
|
| 610 |
1 |
|
|a понятие
|
| 610 |
1 |
|
|a управление
|
| 610 |
1 |
|
|a динамика
|
| 610 |
1 |
|
|a территориальные АСУ
|
| 610 |
1 |
|
|a назначение
|
| 610 |
1 |
|
|a функции
|
| 610 |
1 |
|
|a коллекция И. П. Чучалина
|
| 610 |
1 |
|
|a дары библиотеке
|
| 610 |
1 |
|
|a дарственные надписи
|
| 675 |
|
|
|a 658.012.011.56
|v 3
|
| 712 |
0 |
1 |
|a Томская область
|b Областной комитет КПСС
|c (1952-1991)
|2 stltpush
|3 (RuTPU)RU\TPU\col\21933
|9 28158
|
| 801 |
|
1 |
|a RU
|b 63413507
|c 20170214
|
| 801 |
|
2 |
|a RU
|b 63413507
|c 20190125
|g RCR
|
| 942 |
|
|
|c BK
|